000 005860000a22001810004500
003 MACL
005 20160213114841.0
008 160213b xxu||||| |||| 00| 0 eng d
040 _aMACL
_cMACL
041 _aHindi
082 _a320
100 _aनहरू जवाहरलाल
_938111
245 _aहिन्‍दुस्‍तन की समस्‍याएं
260 _bसत्‍साहित्‍य प्रकाश्‍न
_c1950
_aनई दिल्‍ली
350 _a3.50
650 _aPolitical Science
_938112
942 _cHIN
_k920
_2ddc
999 _c23901
_d23901